00736nam a2200181 a 450000100100000000500170001000800410002702000150006804000250008310000400010824501060014826000600025430000360031450000730035004900090042395201050043299900170053700003410320200930070757.0110923s2000 pr 000 0 spa d a9972755541 aDO-SdBNPbspacBNPHU1 aRodríguez Pastor, Humberto95953810aHerederos del Dragón :bhistoria de la comunidad China en el Perú /cHumberto Rodríguez Pastor. aLima :bFondo Editorial del Congreso del Perú,c2000. a522 p. :bil., retrs. ;c23 cm. aIncluye referencias bibliográficas y notas al pie de las páginas aBNPD 001050718MOaGRbGRcCTd2011-09-23iLF1l0o p34103-10r2020-06-25w2020-06-25y1ZNo se presta c33594d33594